000 01084nam a2200229Ia 4500
003 Ost
005 20260507075803.0
008 260507s9999||||xx |||||||||||||| ||und||
020 _a9789776274044
040 _cfsecg
041 _aara
082 _a332.642
100 _aرمضان، زياد
_eمؤلف
245 0 _aالأسواق المالية /
_c زياد رمضان
260 _aالقاهرة :
_bالشركة العربية المتحدة للتسويق والتوريدات,
_c2008
300 _a274 صفحة؛
_bإيضاحات ؛
_c23 سم
520 _aيضم نظرة شاملة للأسواق، الأسواق النقدية، أسواق رأس المال، التعامل في أسواق رأس المال والمتعاملون فيها، لمحة مختصرة عن مؤشرات أسواق الأوراق المالية، كفاءة الأسواق المالية، لمحة عن تقييم الأسهم والسندات.
653 _aالأسهم
653 _aالبورصات
700 _aشموط، مروان
_eمؤلف ثانوي
942 _cكتاب
999 _c46317
_d46317